Wideband beamforming: concepts and techniques
Uloženo v:
| Hlavní autor: | |
|---|---|
| Další autoři: | |
| Médium: | Kniha |
| Jazyk: | angličtina |
| Vydáno: |
Chichester, Reino Unido
John Wiley and Sons
2010
|
| Vydání: | Primera edición |
| Edice: | Wiley Series on Wireless Communications and Mobile Computing
|
| Témata: | |
| Tagy: |
Přidat tag
Žádné tagy, Buďte první, kdo vytvoří štítek k tomuto záznamu!
|
MARC
| LEADER | 00000cam a2200000 a 4500 | ||
|---|---|---|---|
| 001 | UCC5599 | ||
| 003 | CL-VaPUC | ||
| 005 | 20210602001544.0 | ||
| 008 | 181021e20100000uk |||||||||||||||||eng|d | ||
| 020 | |a 9780470713921 | ||
| 040 | |c Pontificia Universidad Católica de Valparaíso | ||
| 041 | 0 | |a eng | |
| 082 | |a 621.382 LIU 2010 | ||
| 100 | |a Liu, Wei |e autor |9 599947 | ||
| 245 | 1 | 0 | |a Wideband beamforming: |b concepts and techniques |
| 250 | |a Primera edición | ||
| 260 | 3 | |a Chichester, Reino Unido |b John Wiley and Sons |c 2010 | |
| 300 | |a 286 p | ||
| 490 | 0 | 0 | |a Wiley Series on Wireless Communications and Mobile Computing |
| 505 | 0 | |a 1. Introduction. 2. Adaptive wideband beamforming. 3. Subband adaptive beamforming. 4. Design of fixed wideband beanformers. 5. Frequency invariant beamforming. 6. Blind wideband beamforming. 7. Wideband beamforming with sensor delay-lines. 8. Wideband beamforming fot multipath signals. Appendix A. Matrix approximation. Appendix B. Differentiation with respect to a vector. Appendix C. Genetic algorithm. | |
| 583 | |a last modification |c 20181021 19:29:00 |k Rodrigo Vera | ||
| 650 | 7 | |a BANDA ANCHA |2 CL-VaPUC |9 471403 | |
| 650 | 0 | 0 | |a BANDA ANCHA MOVIL |2 CL-VaPUC |9 599949 |
| 650 | 0 | |a Telecomunicaciones |9 257195 | |
| 700 | 1 | |a Weiss, Stephan |9 599948 | |
| 942 | |c BK |2 ddc | ||
| 945 | |d 20181021 19:29:00 |a dcastane | ||
| 999 | |c 372772 |d 372770 | ||
| 952 | |0 0 |1 0 |3 erd |4 0 |6 621_382000000000000_LIU_2010 |7 0 |8 A |9 490586 |a BIBING |b BIBING |i 5508525 |o 621.382 LIU 2010 |p 5508525 |r 2025-01-20 |w 2019-11-24 |y BK |z Catalogado en:20181021 |k EIE | ||
| 952 | |0 0 |1 0 |3 erd |4 0 |6 621_382000000000000_LIU_2010 |7 0 |8 A |9 490587 |a BIBING |b BIBING |i 5508533 |o 621.382 LIU 2010 |p 5508533 |r 2025-01-20 |w 2019-11-24 |y BK |z Catalogado en:20181021 |k EIE | ||
| 952 | |0 0 |1 0 |2 ddc |4 0 |6 621_382000000000000_LIU_2010 |7 0 |9 495817 |a BIBING |b BIBING |c GEN |d 2020-01-07 |e 1 |g 133887.00 |i 5571650 |o 621.382 LIU 2010 |p 5571650 |r 2025-01-20 |t 3 |v 133887.00 |w 2020-01-07 |y BK |k EIE | ||
| 952 | |0 0 |1 0 |2 ddc |4 0 |6 621_382000000000000_LIU_2010 |7 0 |9 495818 |a BIBING |b BIBING |c GEN |d 2020-01-07 |e 2 |g 135717.00 |i 5571669 |o 621.382 LIU 2010 |p 5571669 |r 2025-01-20 |t 2 |v 135717.00 |w 2020-01-07 |y BK |k EIE | ||